000 00291nam a2200121Ia 4500
008 191201s2012 xx 000 0 und d
100 _aHAN, Jiawei
245 0 _aData Mining Concepts and Techniques
260 _aN. delhi
_bElsevier
_c2012
300 _a703
650 _aMCA
942 _2ddc
_cBK
999 _c6399
_d6399